| Tag |
First Indicator |
Second Indicator |
Subfields |
| LEADER |
00000cam a2200000 a 4500 |
| 001 |
in00001003021 |
| 005 |
20150927190927.0 |
| 008 |
881202d19820500azuab tb s00010 eng d |
| 035 |
|
|
|a (OCoLC)18830352
|
| 035 |
|
|
|9 AFA0278AM
|
| 040 |
|
|
|a AZU
|c AZU
|d TXA
|d UtOrBLW
|
| 043 |
|
|
|a n-us-az
|
| 049 |
|
|
|a TXAM
|
| 086 |
|
|
|a GMT 3.3:O 63/82-5
|
| 090 |
|
|
|a GB1199.7.A6
|b W5832 1982
|
| 100 |
1 |
|
|a Witcher, James C.
|
| 245 |
1 |
0 |
|a Exploration for geothermal energy in Arizona basin and range :
|b a summary of results and interpretation of heat flow and geochemistry studies in Safford basin, Arizona /
|c by James C. Witcher.
|
| 264 |
|
1 |
|a [Tucson, Ariz.] :
|b [Arizona Bureau of Geology and Mineral Technology],
|c [1982]
|
| 300 |
|
|
|a iii, 51 pages :
|b illustrations, maps ;
|c 28 cm.
|
| 336 |
|
|
|a text
|b txt
|2 rdacontent
|
| 337 |
|
|
|a unmediated
|b n
|2 rdamedia
|
| 338 |
|
|
|a volume
|b nc
|2 rdacarrier
|
| 490 |
1 |
|
|a Open-file report ;
|v 82-5
|
| 536 |
|
|
|a Prepared for the U.S. Department of Energy, Division of Geothermal Energy.
|d DE-FC07-79ID12009.
|
| 500 |
|
|
|a "May, 1982."
|
| 504 |
|
|
|a Bibliography: pages 25-27.
|
| 650 |
|
0 |
|a Geothermal resources
|z Arizona
|z Safford Region.
|
| 830 |
|
0 |
|a Open-file report (University of Arizona. Bureau of Geology and Mineral Technology) ;
|v 82-5.
|
| 999 |
|
|
|a MARS
|
| 999 |
f |
f |
|s 11afa674-e9de-3f68-aa8f-8deb50078f24
|i 813c80c4-f901-30ef-9609-df250b9cac4d
|t 0
|
| 952 |
f |
f |
|p ric
|a Texas A&M University
|b Rellis Campus
|c Joint Library Facility
|d Remote Storage
|t 0
|e GB1199.7.A6 W5832 1982
|h Library of Congress classification
|i unmediated -- volume
|m A14816246116
|
| 998 |
f |
f |
|a GB1199.7.A6 W5832 1982
|t 0
|l Remote Storage
|